Proyecto y destino
| Main Author: | |
|---|---|
| Format: | Section = Libro |
| Language: | Undetermined Spanish |
| Published: |
Caracas
Universidad Central de Venezuela
1969
|
| Subjects: |
| LEADER | 00491nam a2200181Ia 4500 | ||
|---|---|---|---|
| 008 | 240829s9999 xx 000 0 und d | ||
| 040 | |a BIBLIOTECA-RUSB/ 724.9 A686 | ||
| 041 | |a spa | ||
| 082 | |a 724.9 A686 | ||
| 100 | 1 | |a Argan, Giulio Carlo | |
| 245 | 1 | 0 | |a Proyecto y destino |
| 260 | |a Caracas |b Universidad Central de Venezuela |c 1969 | ||
| 300 | |a 299 p. :il. | ||
| 650 | 7 | |a ARQUITECTURA MODERNA-SIGLO XX | |
| 650 | 7 | |b ARQUITECTURA MODERNA-ENSAYO | |
| 942 | |c BK |2 ddc | ||
| 991 | |a TEXTO | ||
| 999 | |c 5197 | ||